[Event "4NCL/Div3/MIN vs. SLOS2"]
[Site "Sunningdale ENG"]
[Date "2007.09.15"]
[Round "1.1"]
[White "Edwards, Ray B"]
[Black "Cox, Tristan"]
[Result "0-1"]
[WhiteElo "2139"]
[BlackElo "2146"]
[PlyCount "106"]
[EventDate "2007.09.15"]
[EventType "team"]
[EventRounds "11"]
[EventCountry "ENG"]
[SourceDate "2007.09.15"]
[WhiteTeam "Mind Sports"]
[BlackTeam "Slough Sharks 2"]

1. d4 d5 2. c4 e6 3. Nc3 Bb4 4. Qa4+ Nc6 5. cxd5 exd5 6. Nf3 Nf6 7. Bg5 h6 8.
Bh4 g5 9. Bg3 Ne4 10. Rc1 h5 11. h3 Nxg3 12. fxg3 Qd6 13. Ne5 Bd7 14. Nxd7 Kxd7
15. Kd1 Rae8 16. Nb5 Qxg3 17. Nxa7 Rh6 18. e4 Qe1+ 19. Kc2 Qxe4+ 20. Bd3 Qxd4
21. Bf5+ Ke7 22. Nxc6+ Rxc6+ 23. Kb1 Rxc1+ 24. Rxc1 c6 25. a3 Bc3 26. Qxd4 Bxd4
27. Re1+ Kf8 28. Rxe8+ Kxe8 29. Kc2 Ke7 30. a4 b6 31. b3 c5 32. Kd3 Kf6 33. Bd7
Ke5 34. Be8 Kf6 35. Bc6 Ke6 36. Be8 h4 37. Bc6 Ke5 38. Be8 f5 39. Bh5 Bf2 40.
Bf3 d4 41. Ke2 Be3 42. Bc6 Kf4 43. Bb5 Kg3 44. Kf1 g4 45. hxg4 fxg4 46. Bc6 Kf4
47. Ke2 Bc1 48. Bb7 Ba3 49. Bc6 Bb4 50. Bb7 Kg3 51. Kf1 d3 52. Ba6 d2 53. Be2
Bc3 0-1

[Event "4NCL/Div3/MIN vs. SLOS2"]
[Site "Sunningdale ENG"]
[Date "2007.09.15"]
[Round "1.2"]
[White "Ruston, Mark R"]
[Black "Ackley, Peter"]
[Result "1/2-1/2"]
[WhiteElo "2116"]
[BlackElo "2134"]
[PlyCount "50"]
[EventDate "2007.09.15"]
[EventType "team"]
[EventRounds "11"]
[EventCountry "ENG"]
[SourceDate "2007.09.15"]
[WhiteTeam "Slough Sharks 2"]
[BlackTeam "Mind Sports"]

1. e4 e6 2. d4 d5 3. Nd2 Be7 4. Bd3 c5 5. dxc5 Nf6 6. exd5 exd5 7. Nb3 O-O 8.
Be3 a5 9. a4 Na6 10. Ne2 Be6 11. Ned4 Qc8 12. Qe2 Re8 13. Nxe6 fxe6 14. Bb5 Rf8
15. O-O Ne4 16. c4 Naxc5 17. Nxc5 Nxc5 18. cxd5 exd5 19. Rad1 Rd8 20. Bd4 Bf8
21. Rfe1 Qf5 22. Qe5 Qf7 23. Qe3 b6 24. Qh3 Rd6 25. Be3 Rad8 1/2-1/2

[Event "4NCL/Div3/MIN vs. SLOS2"]
[Site "Sunningdale ENG"]
[Date "2007.09.15"]
[Round "1.3"]
[White "Hardman, Michael J"]
[Black "Harborne, Matthew"]
[Result "0-1"]
[WhiteElo "2117"]
[BlackElo "2136"]
[PlyCount "74"]
[EventDate "2007.09.15"]
[EventType "team"]
[EventRounds "11"]
[EventCountry "ENG"]
[SourceDate "2007.09.15"]
[WhiteTeam "Mind Sports"]
[BlackTeam "Slough Sharks 2"]

1. e4 c6 2. d4 d5 3. Nd2 dxe4 4. Nxe4 Bf5 5. Ng3 Bg6 6. N1e2 e6 7. Nf4 Ne7 8.
Nxg6 hxg6 9. c3 Nd7 10. Bg5 Nf6 11. Bd3 Qa5 12. Bd2 Nf5 13. Nxf5 gxf5 14. Qb3
Qc7 15. O-O-O Ng4 16. Rdf1 Rxh2 17. Rxh2 Nxh2 18. Re1 O-O-O 19. f3 Qg3 20. Re2
Nf1 21. Be1 Qg5+ 22. Kb1 Bd6 23. a3 f4 24. Bd2 Rh8 25. g4 Rh3 26. Be4 Ng3 27.
Re1 Nxe4 28. fxe4 Qxg4 29. Qa4 f3 30. Be3 Bg3 31. Qxa7 Qxe4+ 32. Ka1 Bxe1 33.
Qa8+ Kc7 34. Qa5+ Kd7 35. Qb4 Bg3 36. Qf8 Bd6 37. Qxf7+ Be7 0-1

[Event "4NCL/Div3/MIN vs. SLOS2"]
[Site "Sunningdale ENG"]
[Date "2007.09.15"]
[Round "1.4"]
[White "Purton, Ben J"]
[Black "Minnican, Alan"]
[Result "1/2-1/2"]
[WhiteElo "2119"]
[BlackElo "2110"]
[PlyCount "27"]
[EventDate "2007.09.15"]
[EventType "team"]
[EventRounds "11"]
[EventCountry "ENG"]
[SourceDate "2007.09.15"]
[WhiteTeam "Slough Sharks 2"]
[BlackTeam "Mind Sports"]

1. e4 c5 2. Nf3 g6 3. c3 Bg7 4. d4 cxd4 5. cxd4 d5 6. exd5 Nf6 7. Nc3 Nxd5 8.
Bc4 Nb6 9. Bb3 O-O 10. O-O Nc6 11. Be3 Bg4 12. h3 Bxf3 13. Qxf3 Nxd4 14. Qxb7
1/2-1/2

[Event "4NCL/Div3/MIN vs. SLOS2"]
[Site "Sunningdale ENG"]
[Date "2007.09.15"]
[Round "1.5"]
[White "Almond, Richard"]
[Black "Linford, Charles"]
[Result "0-1"]
[WhiteElo "2101"]
[BlackElo "2132"]
[PlyCount "82"]
[EventDate "2007.09.15"]
[EventType "team"]
[EventRounds "11"]
[EventCountry "ENG"]
[SourceDate "2007.09.15"]
[WhiteTeam "Mind Sports"]
[BlackTeam "Slough Sharks 2"]

1. d4 Nf6 2. c4 e6 3. Nc3 Bb4 4. Qc2 O-O 5. a3 Bxc3+ 6. Qxc3 b6 7. Bg5 Bb7 8.
e3 d6 9. f3 Nbd7 10. Bd3 Qe7 11. Ne2 Rae8 12. O-O h6 13. Bh4 g5 14. Bf2 Nh5 15.
Ng3 Nxg3 16. Bxg3 f5 17. b4 Nf6 18. Rae1 Nh5 19. Bf2 Qg7 20. e4 Nf4 21. Bg3
Nxd3 22. Qxd3 fxe4 23. fxe4 Qg6 24. Qe3 Rxf1+ 25. Kxf1 e5 26. d5 h5 27. Re2 Bc8
28. Be1 Rf8+ 29. Bf2 Bg4 30. Re1 h4 31. h3 Bh5 32. Kg1 Rf4 33. Kh1 Qf6 34. Bg1
Bg6 35. Qd3 g4 36. hxg4 Rxg4 37. Rf1 Qg5 38. Qf3 Rf4 39. Qd1 Bxe4 40. Qe2 h3
41. Rxf4 Bxg2+ 0-1

[Event "4NCL/Div3/MIN vs. SLOS2"]
[Site "Sunningdale ENG"]
[Date "2007.09.15"]
[Round "1.6"]
[White "Foster, James J"]
[Black "Camargo, Luiz"]
[Result "1/2-1/2"]
[WhiteElo "2096"]
[BlackElo "2125"]
[PlyCount "75"]
[EventDate "2007.09.15"]
[EventType "team"]
[EventRounds "11"]
[EventCountry "ENG"]
[SourceDate "2007.09.15"]
[WhiteTeam "Slough Sharks 2"]
[BlackTeam "Mind Sports"]

1. c4 Nf6 2. Nc3 e6 3. e4 d5 4. e5 d4 5. exf6 dxc3 6. fxg7 cxd2+ 7. Bxd2 Bxg7
8. Qc2 Qf6 9. O-O-O Qxf2 10. Nh3 Qb6 11. Bd3 Bd7 12. Rhf1 Na6 13. Ng5 Nc5 14.
Bc3 Ba4 15. b3 Bxb3 16. axb3 Nxb3+ 17. Qxb3 Qxb3 18. Bxg7 O-O-O 19. Bxh8 Rxd3
20. Rxd3 Qxd3 21. Rf3 Qxc4+ 22. Bc3 b5 23. Nxf7 b4 24. Ne5 Qd5 25. Bb2 a5 26.
Nd3 Qc4+ 27. Kd2 Kb7 28. Rf4 Qd5 29. g3 c5 30. Rf7+ Kb6 31. Ke3 e5 32. Rf6+ Kb5
33. Bxe5 c4 34. Rd6 Qg2 35. Nb2 c3 36. Nd3 Qg1+ 37. Ke4 Qb1 38. Ke3 {
1/2-1/2 (44)} 1/2-1/2

[Event "4NCL/Div3/MIN vs. SLOS2"]
[Site "Sunningdale ENG"]
[Date "2007.09.15"]
[Round "1.7"]
[White "Hawkins, Nick"]
[Black "Armstrong, Malcolm"]
[Result "0-1"]
[WhiteElo "2016"]
[BlackElo "2126"]
[PlyCount "120"]
[EventDate "2007.09.15"]
[EventType "team"]
[EventRounds "11"]
[EventCountry "ENG"]
[SourceDate "2007.09.15"]
[WhiteTeam "Mind Sports"]
[BlackTeam "Slough Sharks 2"]

1. e4 c6 2. d4 d5 3. Nc3 dxe4 4. Nxe4 Bf5 5. Ng3 Bg6 6. Nf3 Nd7 7. Bd3 Ngf6 8.
O-O Qc7 9. c4 e6 10. a3 Bd6 11. Re1 O-O 12. Bxg6 hxg6 13. Bg5 Rad8 14. Qc2 Bf4
15. Rad1 Rfe8 16. b4 Bxg5 17. Nxg5 Qf4 18. Nf3 a6 19. a4 Re7 20. Re3 Qd6 21. c5
Qc7 22. Rb3 Rde8 23. b5 axb5 24. axb5 e5 25. b6 Qb8 26. dxe5 Nxe5 27. Nxe5 Rxe5
28. f3 Qa8 29. Qc1 Qa5 30. Rc3 Nd5 31. Rcd3 f5 32. f4 Re1+ 33. Kf2 R1e6 34. Qc4
Ra8 35. R3d2 Qa3 36. Rxd5 cxd5 37. Qxd5 Qa2+ 38. Rd2 Qxd5 39. Rxd5 Ra2+ 40. Kf3
Rc6 41. Ne2 Ra3+ 42. Kf2 Ra5 43. Rd7 Raxc5 44. Rxb7 Rb5 45. Rb8+ Kf7 46. Rd8
Rbxb6 47. Rd2 Rb4 48. h4 Rcb6 49. Rd3 Rb2 50. Rd7+ Ke8 51. Rd3 Re6 52. Re3 Ke7
53. Rxe6+ Kxe6 54. Kf3 Kd5 55. Ng1 Kd4 56. Ne2+ Kd3 57. Ng1 Rb1 58. Kf2 Ke4 59.
Ne2 Rb2 60. Kf1 Ke3 0-1

[Event "4NCL/Div3/SLOS3 vs. PAND"]
[Site "Sunningdale ENG"]
[Date "2007.09.15"]
[Round "1.2"]
[White "Taylor, Robert M"]
[Black "Edgell, Ben P"]
[Result "1/2-1/2"]
[WhiteElo "2203"]
[BlackElo "2069"]
[PlyCount "64"]
[EventDate "2007.09.15"]
[EventType "team"]
[EventRounds "11"]
[EventCountry "ENG"]
[SourceDate "2007.09.15"]
[WhiteTeam "Pandora's Box"]
[BlackTeam "Slough Sharks 3"]

1. e4 e5 2. Nf3 Nc6 3. Bb5 Nf6 4. d3 d6 5. c3 Bd7 6. Ba4 g6 7. Nbd2 Bg7 8. Nf1
a6 9. Ng3 b5 10. Bc2 O-O 11. h3 Na5 12. Bg5 c5 13. Qd2 Nc6 14. O-O b4 15. Rfe1
Qa5 16. Nf1 bxc3 17. bxc3 Rab8 18. Ne3 Be6 19. Bb3 Qc7 20. Rab1 Na5 21. Bxe6
fxe6 22. Bxf6 Bxf6 23. c4 Nc6 24. Ng4 Bg7 25. a3 Qd7 26. Qc3 h5 27. Ngh2 Bh6
28. h4 Kh7 29. Qc2 Ne7 30. Rb2 Nc6 31. Rbb1 Ne7 32. Rb2 Nc6 1/2-1/2

[Event "4NCL/Div3/SLOS3 vs. PAND"]
[Site "Sunningdale ENG"]
[Date "2007.09.15"]
[Round "1.3"]
[White "Nelson, Omowale"]
[Black "Dilley, Jason M"]
[Result "1/2-1/2"]
[WhiteElo "2080"]
[BlackElo "2216"]
[PlyCount "103"]
[EventDate "2007.09.15"]
[EventType "team"]
[EventRounds "11"]
[EventCountry "ENG"]
[SourceDate "2007.09.15"]
[WhiteTeam "Slough Sharks 3"]
[BlackTeam "Pandora's Box"]

1. d4 d6 2. c4 g6 3. Nc3 Bg7 4. e4 Nf6 5. Be2 c5 6. d5 a6 7. Nf3 O-O 8. O-O
Nbd7 9. h3 Qc7 10. Be3 e5 11. dxe6 fxe6 12. Qd2 Ne8 13. Rad1 Ndf6 14. e5 dxe5
15. Qd8 Qxd8 16. Rxd8 Nd7 17. Rd1 Nef6 18. Rxf8+ Bxf8 19. Ng5 Nb6 20. Nce4 Nxe4
21. Nxe4 Kf7 22. Nxc5 Bxc5 23. Bxc5 Na4 24. Ba3 Ke8 25. Bf3 Ra7 26. b3 e4 27.
Bxe4 Nc3 28. Re1 Nxe4 29. Rxe4 b6 30. Kh2 Rf7 31. Kg3 Rf5 32. Bc1 Ke7 33. Be3
b5 34. c5 Bb7 35. Rb4 Bc6 36. a4 Rd5 37. axb5 axb5 38. Kh2 Rf5 39. g4 Rd5 40.
Kg3 Kd7 41. Kh4 Ke8 42. Kg3 e5 43. Kh4 Rd3 44. Kg5 Kf7 45. Kh6 Kg8 46. h4 Rd7
47. Bg5 Rd3 48. Bf6 Rd5 49. Re4 Rxc5 50. Rxe5 Rxe5 51. Bxe5 b4 52. Bd6 1/2-1/2

[Event "4NCL/Div3/SLOS3 vs. PAND"]
[Site "Sunningdale ENG"]
[Date "2007.09.15"]
[Round "1.4"]
[White "Birtwhistle, Nigel"]
[Black "de Coverly, Roger"]
[Result "1-0"]
[WhiteElo "2125"]
[BlackElo "2086"]
[PlyCount "75"]
[EventDate "2007.09.15"]
[EventType "team"]
[EventRounds "11"]
[EventCountry "ENG"]
[SourceDate "2007.09.15"]
[WhiteTeam "Pandora's Box"]
[BlackTeam "Slough Sharks 3"]

1. e4 e5 2. d4 exd4 3. Nf3 Nc6 4. Bc4 Nf6 5. e5 d5 6. Bb5 Ne4 7. Nxd4 Bd7 8.
Bxc6 bxc6 9. O-O Be7 10. f3 Ng5 11. f4 Ne4 12. Nc3 Nxc3 13. bxc3 c5 14. Nb3 c4
15. Nd4 O-O 16. f5 c5 17. Ne2 Bc6 18. Ng3 d4 19. f6 Qd5 20. Rf2 Bd8 21. fxg7
Re8 22. Nf5 Re6 23. Nh6+ Rxh6 24. Bxh6 Bh4 25. Rd2 Qxe5 26. Qg4 dxc3 27. Rdd1
Bf6 28. Qxc4 Qh5 29. Be3 Qg6 30. Qf1 Bxg7 31. Rac1 Qh5 32. Qf2 Re8 33. Bxc5 Bh6
34. Qg3+ Qg6 35. Rb1 Be4 36. Rb8 Rf8 37. Bxf8 Bxf8 38. Rdd8 1-0

[Event "4NCL/Div3/SLOS3 vs. PAND"]
[Site "Sunningdale ENG"]
[Date "2007.09.15"]
[Round "1.6"]
[White "Nicholson, Jim"]
[Black "Varnam, Liam D"]
[Result "1/2-1/2"]
[WhiteElo "2060"]
[BlackElo "2033"]
[PlyCount "83"]
[EventDate "2007.09.15"]
[EventType "team"]
[EventRounds "11"]
[EventCountry "ENG"]
[SourceDate "2007.09.15"]
[WhiteTeam "Pandora's Box"]
[BlackTeam "Slough Sharks 3"]

1. d4 d5 2. Nf3 Nf6 3. e3 e6 4. Bd3 Be7 5. O-O O-O 6. b3 c5 7. Bb2 Nc6 8. Nbd2
cxd4 9. exd4 Nb4 10. Be2 a5 11. a3 Nc6 12. Bd3 Bd7 13. Ne5 Qb6 14. Ndf3 a4 15.
b4 Na7 16. c4 dxc4 17. Nxc4 Qd8 18. Nfe5 Bb5 19. Qf3 Nd5 20. Qh3 f5 21. f4 Rf6
22. Rac1 Rh6 23. Qf3 g5 24. Na5 Bxd3 25. Nxd3 g4 26. Qe2 Rb8 27. Nc4 b6 28.
Nce5 Qe8 29. Rc2 Rc8 30. Rfc1 Rxc2 31. Rxc2 Nb5 32. Nc6 Nd6 33. Nde5 Qh5 34. g3
Ne4 35. Nxe7+ Nxe7 36. Qg2 Nd5 37. Rc8+ Kg7 38. Bc1 Rf6 39. Qc2 Rh6 40. Qg2 Rf6
41. Qc2 Rh6 42. Qg2 1/2-1/2

[Event "4NCL/Div3/SLOS3 vs. PAND"]
[Site "Sunningdale ENG"]
[Date "2007.09.15"]
[Round "1.7"]
[White "Woods, Connor"]
[Black "Coates, David"]
[Result "0-1"]
[WhiteElo "1872"]
[BlackElo "1969"]
[PlyCount "58"]
[EventDate "2007.09.15"]
[EventType "team"]
[EventRounds "11"]
[EventCountry "ENG"]
[SourceDate "2007.09.15"]
[WhiteTeam "Slough Sharks 3"]
[BlackTeam "Pandora's Box"]

1. e4 c5 2. b4 cxb4 3. a3 d5 4. exd5 Qxd5 5. Nf3 e5 6. axb4 Bxb4 7. c3 Be7 8.
Na3 Nc6 9. Nc4 Bg4 10. Ne3 Qd7 11. Nxg4 Qxg4 12. Ra4 Qc8 13. Bb5 a6 14. Bxc6+
Qxc6 15. Qb3 Nh6 16. d3 O-O 17. Bxh6 Qxh6 18. O-O b5 19. Re4 Bd6 20. Rfe1 Rac8
21. Rh4 Qf6 22. Ree4 Rfd8 23. d4 exd4 24. Nxd4 Be5 25. Qb1 Rxc3 26. Qe1 Rcc8
27. Nf3 Bb2 28. Rhf4 Qxf4 29. Rxf4 Rc1 0-1

[Event "4NCL/Div3/WES2 vs. JUTK"]
[Site "Sunningdale ENG"]
[Date "2007.09.15"]
[Round "1.1"]
[White "Jenks, Bruce"]
[Black "Williams, Simon K"]
[Result "0-1"]
[WhiteElo "2148"]
[BlackElo "2480"]
[PlyCount "60"]
[EventDate "2007.09.15"]
[EventType "team"]
[EventRounds "11"]
[EventCountry "ENG"]
[SourceDate "2007.09.15"]
[WhiteTeam "Wessex 2"]
[BlackTeam "Jutes of Kent"]

1. c4 e5 2. g3 h5 3. h4 d5 4. cxd5 c6 5. Bg2 cxd5 6. d4 exd4 7. Nf3 Bb4+ 8.
Nbd2 d3 9. exd3 Qe7+ 10. Kf1 Nf6 11. Nb3 Ng4 12. Bg5 f6 13. Bf4 O-O 14. Nfd4
Nc6 15. Bxd5+ Kh8 16. Nxc6 bxc6 17. Bxc6 Bb7 18. Qf3 Bxc6 19. Qxc6 Rac8 20. Qd5
f5 21. Bg5 Qe8 22. Nd4 Rc5 23. Qb7 Ba5 24. Kg2 Re5 25. Nc6 Re2 26. Ne7 Rxf2+
27. Kh3 Bb6 28. Rac1 Qf7 29. Rc6 Kh7 30. Rc4 Rxb2 0-1

[Event "4NCL/Div3/WES2 vs. JUTK"]
[Site "Sunningdale ENG"]
[Date "2007.09.15"]
[Round "1.2"]
[White "Mack, Andy"]
[Black "Rutter, Nicholas"]
[Result "1/2-1/2"]
[WhiteElo "2215"]
[BlackElo "2183"]
[PlyCount "70"]
[EventDate "2007.09.15"]
[EventType "team"]
[EventRounds "11"]
[EventCountry "ENG"]
[SourceDate "2007.09.15"]
[WhiteTeam "Jutes of Kent"]
[BlackTeam "Wessex 2"]

1. e4 d5 2. exd5 Qxd5 3. Nc3 Qd6 4. Nf3 Nf6 5. d4 a6 6. g3 Bg4 7. h3 Bh5 8. g4
Bg6 9. Ne5 Nc6 10. Nxc6 Qxc6 11. d5 Qd6 12. Bg2 O-O-O 13. Be3 Qb4 14. g5 Nxd5
15. Bxd5 e6 16. Qe2 exd5 17. O-O-O Qc4 18. Qf3 Bc5 19. Bxc5 Qxc5 20. Qg4+ Kb8
21. Rd4 Rhe8 22. Rhd1 c6 23. f4 f5 24. gxf6 gxf6 25. f5 Bf7 26. Qf4+ Ka7 27.
Qf2 Ka8 28. Na4 Qe7 29. Qh4 Qe3+ 30. Kb1 Qg5 31. Qxh7 Bh5 32. Nc5 Rb8 33. Ne6
Rxe6 34. fxe6 Bxd1 35. Rxd1 Re8 1/2-1/2

[Event "4NCL/Div3/WES2 vs. JUTK"]
[Site "Sunningdale ENG"]
[Date "2007.09.15"]
[Round "1.3"]
[White "Pleasants, Allan J"]
[Black "Naylor, John"]
[Result "1-0"]
[WhiteElo "2098"]
[BlackElo "2204"]
[PlyCount "105"]
[EventDate "2007.09.15"]
[EventType "team"]
[EventRounds "11"]
[EventCountry "ENG"]
[SourceDate "2007.09.15"]
[WhiteTeam "Wessex 2"]
[BlackTeam "Jutes of Kent"]

1. e4 e5 2. Nf3 Nc6 3. Bb5 a6 4. Ba4 Nf6 5. O-O Be7 6. Re1 b5 7. Bb3 d6 8. h3
O-O 9. c3 Re8 10. d4 h6 11. Nbd2 Bb7 12. d5 Na5 13. Bc2 c6 14. dxc6 Bxc6 15.
Qe2 Bf8 16. Nf1 Qc7 17. Ng3 d5 18. exd5 Bxd5 19. Ne4 Bxe4 20. Bxe4 Nxe4 21.
Qxe4 Qc6 22. Qg4 Qf6 23. b3 e4 24. Nd4 b4 25. Bb2 bxc3 26. Bxc3 Rac8 27. Rxe4
Rxe4 28. Qxc8 Rxd4 29. Bxd4 Qxd4 30. Re1 g6 31. Re8 Kg7 32. Rxf8 Qd1+ 33. Kh2
Qd6+ 34. g3 Qxf8 35. Qc3+ Kh7 36. Qxa5 Qd6 37. Qc3 Qb6 38. Qe3 Qf6 39. Qf4 Qe6
40. Qd4 h5 41. Qc4 Qf5 42. Kg2 a5 43. a3 Kg8 44. b4 axb4 45. axb4 g5 46. b5 Qb1
47. Qc6 h4 48. g4 Qb4 49. b6 Kg7 50. b7 Qf4 51. Qc3+ f6 52. Qb2 Qb8 53. Qb5 1-0

[Event "4NCL/Div3/WES2 vs. JUTK"]
[Site "Sunningdale ENG"]
[Date "2007.09.15"]
[Round "1.4"]
[White "Harakis, Alexis"]
[Black "Clark, Ian C"]
[Result "1-0"]
[WhiteElo "2194"]
[BlackElo "2104"]
[PlyCount "81"]
[EventDate "2007.09.15"]
[EventType "team"]
[EventRounds "11"]
[EventCountry "ENG"]
[SourceDate "2007.09.15"]
[WhiteTeam "Jutes of Kent"]
[BlackTeam "Wessex 2"]

1. d4 Nf6 2. c4 c5 3. d5 b5 4. cxb5 a6 5. bxa6 Bxa6 6. Nc3 g6 7. Nh3 Bg7 8. Nf4
d6 9. Qc2 Nbd7 10. h4 Nb6 11. h5 g5 12. h6 Bxh6 13. Rxh6 gxf4 14. Bxf4 Nbxd5
15. Nxd5 Nxd5 16. Bd2 Qb6 17. g3 Rb8 18. Bg2 Qb5 19. Bf3 e6 20. Kf1 Bb7 21. Kg1
Bc6 22. b3 Ne7 23. Bh5 Ng6 24. Bc3 e5 25. f4 c4 26. f5 cxb3 27. Qd2 Qc5+ 28.
Kf1 bxa2 29. Qxa2 Qxc3 30. fxg6 Bd5 31. gxf7+ Kf8 32. Qa6 Rb6 33. Qxb6 Qxa1+
34. Kf2 Qd4+ 35. Qxd4 exd4 36. Rxd6 Bxf7 37. Rd8+ Kg7 38. Rxh8 Bxh5 39. Rd8 d3
40. exd3 Bg6 41. Ke3 1-0

[Event "4NCL/Div3/WES2 vs. JUTK"]
[Site "Sunningdale ENG"]
[Date "2007.09.15"]
[Round "1.5"]
[White "Gregory, Keith D"]
[Black "Rich, Mark"]
[Result "1/2-1/2"]
[WhiteElo "2100"]
[BlackElo "2189"]
[PlyCount "40"]
[EventDate "2007.09.15"]
[EventType "team"]
[EventRounds "11"]
[EventCountry "ENG"]
[SourceDate "2007.09.15"]
[WhiteTeam "Wessex 2"]
[BlackTeam "Jutes of Kent"]

1. Nf3 c5 2. g3 Nc6 3. c4 e5 4. Nc3 f5 5. d3 Nf6 6. Bg2 g6 7. O-O Bg7 8. Rb1
O-O 9. a3 d6 10. b4 h6 11. Ne1 g5 12. e3 cxb4 13. axb4 Ne7 14. Nc2 Ng6 15. d4
e4 16. f3 Re8 17. f4 d5 18. c5 Be6 19. Bh3 g4 20. Bg2 h5 1/2-1/2

[Event "4NCL/Div3/WES2 vs. JUTK"]
[Site "Sunningdale ENG"]
[Date "2007.09.15"]
[Round "1.6"]
[White "Donovan, Nigel"]
[Black "Yeo, Michael J"]
[Result "1-0"]
[WhiteElo "2112"]
[BlackElo "2153"]
[PlyCount "43"]
[EventDate "2007.09.15"]
[EventType "team"]
[EventRounds "11"]
[EventCountry "ENG"]
[SourceDate "2007.09.15"]
[WhiteTeam "Jutes of Kent"]
[BlackTeam "Wessex 2"]

1. e4 Nf6 2. Nc3 e5 3. f4 d5 4. fxe5 Nxe4 5. Nf3 Bc5 6. d4 Bb4 7. Bd2 c5 8.
Bb5+ Nc6 9. O-O Bg4 10. Qe1 Bxc3 11. bxc3 O-O 12. Qe3 Bxf3 13. Rxf3 cxd4 14.
cxd4 Nxd2 15. Qxd2 Nxe5 16. dxe5 Qb6+ 17. Kh1 Qxb5 18. Rg3 Qc6 19. Rf1 Rae8 20.
Rf6 Re6 21. Qh6 g6 22. Rh3 1-0

[Event "4NCL/Div3/WES2 vs. JUTK"]
[Site "Sunningdale ENG"]
[Date "2007.09.15"]
[Round "1.7"]
[White "Pym, Thomas W"]
[Black "Wilson, Alexandra"]
[Result "1-0"]
[WhiteElo "2073"]
[BlackElo "2066"]
[PlyCount "65"]
[EventDate "2007.09.15"]
[EventType "team"]
[EventRounds "11"]
[EventCountry "ENG"]
[SourceDate "2007.09.15"]
[WhiteTeam "Wessex 2"]
[BlackTeam "Jutes of Kent"]

1. e4 e6 2. d4 d5 3. Nd2 Nf6 4. e5 Nfd7 5. c3 c5 6. Bd3 Nc6 7. Ngf3 Be7 8. O-O
a5 9. a4 cxd4 10. cxd4 g5 11. Nb3 g4 12. Ne1 h5 13. Kh1 Rg8 14. f4 Nf8 15. f5
exf5 16. Bxf5 Ne6 17. Be3 Bd7 18. Nd3 b6 19. Rc1 Rc8 20. Rc2 Nb4 21. Rcf2 Bh4
22. Bh7 Bxf2 23. Bxg8 Bxe3 24. Nxb4 Bxa4 25. Bxf7+ Ke7 26. Bxe6 Kxe6 27. Qd3
Qg5 28. Rf6+ Qxf6 29. exf6 Bg5 30. Qe2+ Kf7 31. Qe7+ Kg6 32. Qg7+ Kf5 33. Nxd5
1-0

[Event "4NCL/Div3/WES2 vs. JUTK"]
[Site "Sunningdale ENG"]
[Date "2007.09.15"]
[Round "1.8"]
[White "Rice, Chris"]
[Black "Norman, Dinah"]
[Result "1/2-1/2"]
[WhiteElo "2081"]
[BlackElo "1973"]
[PlyCount "156"]
[EventDate "2007.09.15"]
[EventType "team"]
[EventRounds "11"]
[EventCountry "ENG"]
[SourceDate "2007.09.15"]
[WhiteTeam "Jutes of Kent"]
[BlackTeam "Wessex 2"]

1. c4 c6 2. g3 d5 3. Bg2 Nf6 4. Nf3 Bf5 5. cxd5 cxd5 6. Qb3 Qc7 7. Nc3 e6 8. d3
Nc6 9. O-O Be7 10. Bf4 Qd7 11. e4 Bg6 12. e5 Ng8 13. d4 h5 14. Rac1 Nh6 15.
Bxh6 Rxh6 16. h4 Bf5 17. a3 Bg4 18. Qa4 Bxf3 19. Bxf3 g5 20. hxg5 Bxg5 21. Rc2
Kf8 22. Bg2 Be7 23. Ne2 Nxe5 24. Qxd7 Nxd7 25. Rc7 Nb6 26. Rxb7 Bd6 27. Nc3 Rb8
28. Rxb8+ Bxb8 29. Rc1 Kg7 30. Bf1 h4 31. g4 Rg6 32. Bh3 f5 33. f3 fxg4 34.
Bxg4 Bf4 35. Re1 Kf7 36. Kf1 Rf6 37. Kg2 Nc4 38. Nd1 Rh6 39. Kh3 a5 40. Re2 Ke7
41. a4 Kd6 42. Kg2 e5 43. b3 Nb6 44. dxe5+ Bxe5 45. Ne3 h3+ 46. Bxh3 Rg6+ 47.
Bg4 Kc5 48. Nc2 Bc3 49. Kf2 d4 50. Bf5 Rh6 51. Kg3 Nd5 52. Kg4 Rb6 53. Nxd4
Bxd4 54. Bc2 Ne3+ 55. Kg5 Nxc2 56. Rxc2+ Kd5 57. f4 Rxb3 58. f5 Rb6 59. Rc8
Bf6+ 60. Kg6 Rd6 61. Rc2 Bd4+ 62. Kg5 Be3+ 63. Kg4 Ke4 64. Rc8 Bd4 65. Re8+ Kd5
66. Ra8 Bc3 67. Rc8 Rc6 68. Rd8+ Rd6 69. Rc8 Rc6 70. Rd8+ Kc4 71. Rb8 Bf6 72.
Rb5 Bc3 73. Rb8 Kd5 74. Rd8+ Ke5 75. Kg5 Rd6 76. Re8+ Kd5 77. Rc8 Rc6 78. Rd8+
Rd6 1/2-1/2

[Event "4NCL/Div3/WWKS vs. WES2"]
[Site "Sunningdale ENG"]
[Date "2007.09.16"]
[Round "2.1"]
[White "Mason, Don"]
[Black "Jenks, Bruce"]
[Result "1-0"]
[WhiteElo "2251"]
[BlackElo "2148"]
[PlyCount "53"]
[EventDate "2007.09.16"]
[EventType "team"]
[EventRounds "11"]
[EventCountry "ENG"]
[SourceDate "2007.09.15"]
[WhiteTeam "Warwickshire Select"]
[BlackTeam "Wessex 2"]

1. e4 c5 2. Nf3 g6 3. c4 Nc6 4. d4 cxd4 5. Nxd4 Nf6 6. Nc3 d6 7. Nc2 Bg7 8. Be2
O-O 9. O-O Be6 10. f4 a6 11. Be3 Qa5 12. Rb1 Rfc8 13. a3 Rab8 14. f5 Bd7 15. g4
Ne5 16. g5 Ne8 17. Nd5 Nxc4 18. fxg6 fxg6 19. Bxc4 Rxc4 20. Bb6 Qb5 21. Nd4
Qxb6 22. Nxb6 Bxd4+ 23. Kg2 Bxb6 24. Qd5+ e6 25. Qxc4 Rc8 26. Qb3 Bd4 27. Qf3
1-0

[Event "4NCL/Div3/WWKS vs. WES2"]
[Site "Sunningdale ENG"]
[Date "2007.09.16"]
[Round "2.2"]
[White "Rutter, Nicholas"]
[Black "Page, Mark"]
[Result "1-0"]
[WhiteElo "2183"]
[BlackElo "2165"]
[PlyCount "93"]
[EventDate "2007.09.16"]
[EventType "team"]
[EventRounds "11"]
[EventCountry "ENG"]
[SourceDate "2007.09.15"]
[WhiteTeam "Wessex 2"]
[BlackTeam "Warwickshire Select"]

1. e4 c5 2. Nf3 d6 3. d4 cxd4 4. Nxd4 Nf6 5. Nc3 a6 6. Bg5 e6 7. f4 Be7 8. Qf3
h6 9. Bh4 g5 10. fxg5 Nfd7 11. Nxe6 fxe6 12. Qh5+ Kf8 13. Bb5 Rh7 14. O-O+ Kg8
15. g6 Rg7 16. Bxd7 Nxd7 17. Rf7 Bxh4 18. Qxh6 Qf6 19. Rxf6 Bxf6 20. h4 Bd4+
21. Kh1 Nf8 22. h5 Bd7 23. Rf1 Rc8 24. Qg5 Rc5 25. Rxf8+ Kxf8 26. Qd8+ Be8 27.
Qxd6+ Re7 28. g4 Rc4 29. b3 Bxc3 30. bxc4 Bc6 31. Kh2 Ke8 32. Qb8+ Kd7 33. e5
Be4 34. Kg3 Re8 35. Qd6+ Kc8 36. g7 Bh7 37. c5 Ba5 38. c6 Rd8 39. Qxe6+ Kb8 40.
Qb3 b5 41. h6 Bc7 42. a4 Bxe5+ 43. Kf3 Kc7 44. axb5 Bg8 45. Qe3 Bd5+ 46. Kf2
Kd6 47. c7 1-0